000 00932nac a22002771i 4500
003 EG-ScBUE
005 20250427100415.0
008 250413t2007 gw a f bd 001 0 eng d
020 _a9783540252788 (acid-free paper)
040 _aEG-ScBUE
_beng
_erda
_cEG-ScBUE
_dEG-ScBUE
082 0 4 _a530.413
_bSTR
_222
100 1 _aStrobl, Gert R.,
_eauthor.
245 1 4 _aThe physics of polymers :
_bconcepts for understanding their structures and behavior /
_cGert Strobl.
250 _aThird revised and expanded edition.
264 1 _aBerlin :
_bSpringer,
_c[2007]
264 4 _cc2007
300 _axiii, 518 pages :
_billustrations ;
_c24 cm
336 _2rdacontent
_atext
_btxt
337 _aunmediated
_2rdamedia
_bn
338 _avolume
_bnc
_2rdacarrier
500 _aIncludes glossary.
504 _aIncludes bibliographical references and index.
650 7 _aPolymers.
_2BUEsh
655 _vReading book
942 _cBB
_2ddc
999 _c7965
_d7965